00286pab a2200121 454500008004000000100001900040245004000059260000900099300001400108362000800122650000800130773002600138180718b2004 xxu||||| |||| 00| 0 eng d aIngle, Stephen aPolitics: the year the war was spun c2004 ap.237-52. aApr aWar aParliamentary Affairs